| 000 | 00613cam a22002293 4500 | ||
|---|---|---|---|
| 001 | 16739 | ||
| 003 | BD-RjUL | ||
| 005 | 20211209000038.0 | ||
| 008 | 140215s1960 enk 000 0 eng d | ||
| 035 | _a(BD-RjUL)16794 | ||
| 040 |
_aDLC _cDLC _dDLC _dBD-RjUL _beng |
||
| 041 | _aeng | ||
| 082 |
_a808.81 _bPOT 1960 |
||
| 100 | 1 |
_aPound, Ezra, _d1885-1972. _951702 |
|
| 245 | 1 | 0 |
_aThrones 96-109 de los cantares / _cEzra Pound, |
| 260 |
_aLondon : _bFaber and Faber, _cc1960 |
||
| 300 |
_a126 p. : _c21 cm. |
||
| 650 |
_a Poetry. _951703 |
||
| 942 |
_2ddc _cBK |
||
| 999 |
_c16739 _d16739 |
||